|
|
|
|
| LEADER |
00000nab a2200000 a 4500 |
| 001 |
vtls000401952 |
| 003 |
SK-MaSNL |
| 005 |
20260303234739.0 |
| 008 |
120924c1990 xo 0 slo |
| 015 |
|
|
|a SNBRB19rr/mm-uuuuu
|
| 035 |
|
|
|a CL0402076
|
| 040 |
|
|
|a SNKBUCL
|b slo
|c SNKBUCL
|e AACR2
|
| 041 |
0 |
|
|a slo
|
| 044 |
|
|
|a xo
|c SK
|
| 080 |
|
|
|a 792.2
|2 1981
|
| 245 |
0 |
0 |
|a Čudná pani Savageová zabáva
|b Ďalší osvedčený titul na nitrianskej scéne
|c [autor] F-a
|
| 300 |
|
|
|b Obr. 1.
|
| 600 |
1 |
7 |
|a Patrick, John,
|d 1905-1995
|t Čudná pani Savageová
|2 snkbucl
|9 1272625
|
| 610 |
2 |
7 |
|a Divadlo Andreja Bagara v Nitre
|2 snkbucl
|9 32093
|
| 650 |
0 |
7 |
|a činohry
|2 snkbucl
|9 3325
|
| 650 |
0 |
7 |
|a divadelné inscenácie
|2 snkbucl
|9 3326
|
| 655 |
|
7 |
|a recenzie
|2 snkbucl
|9 21907
|
| 655 |
|
7 |
|a články z novín a časopisov
|2 snkbucl
|9 267496
|
| 773 |
0 |
|
|t Hlas ľudu
|g Roč. 36, č. 287 (7. 12. 1990), s. 2
|
| 850 |
|
|
|a Slovenská národná knižnica v Martine
|a MTA001
|
| 852 |
|
|
|a SNK
|b KIS3GCP
|
| 992 |
|
|
|a RBX
|
| 999 |
|
|
|c 2522425
|d 2524355
|